00751 2200253 4500001002100000005001700021008004100038020001800079035002400097082001100121090002000132245013000152260004400282300002100326500002600347650003400373700001100407700002300418850001200441980001100453985000600464986001200470999001500482YOGYA-0209000002525120090227023931.0 ind  a979-8006-25-1 0010-020900000025251 a027.53 a027.53bPanlQT aPANDUAN penyelenggaraan perpustakaan khususcPenulis naskah Hernandono, Karyeti Kawenda Penyunting Mudjito, Mimi Daewasi Aman aJakartabPerpustakaan Nasional RIc1992 av, 48 hlmc28 cm aBibliografi : hlm. 48 aPerpustakaan khusus - Pedoman aMujito aAman, Mimi Daewati aYOPDYOG a141206 a1 aida-pkl a06A0016468